Taliansko - ČSSR 2:2 (1:1) V. kvalifikačná skupina futbalových ME

Bibliographic Details
Main Authors: (tv-slk) (Author), (š) (Author)
Format: Article
Language:Slovak
Subjects:

MARC

LEADER 00000nab a2200000 a 4500
001 vtls000132521
003 SK-MaSNL
005 20260303032327.0
008 160201c1982 xo 0 slo
015 |a SNBRB19rr/mm-uuuuu 
035 |a CL0142627 
040 |a SNKBUCL  |b slo  |c SNKBUCL  |e AACR2 
041 0 |a slo 
044 |a xo  |c SK 
080 |a 796.332  |2 1981 
100 1 |a (tv-slk)  |4 aut  |9 1015064 
245 1 0 |a Taliansko - ČSSR 2:2 (1:1)  |b V. kvalifikačná skupina futbalových ME  |c (tv-slk), (š) 
650 0 7 |a futbal  |2 snkbucl  |9 3291 
655 7 |a články z novín a časopisov  |2 snkbucl  |9 267496 
700 1 |a (š)  |4 aut  |9 492459 
773 0 |t Šport  |g Roč. 36, č. 271 (15. 11. 1982), s. 1 a 4 
850 |a Slovenská národná knižnica v Martine  |a MTA001 
852 |a SNK  |b KIS3GCP 
958 |a RK 
958 |a CZ 
992 |a RBX 
999 |c 1663753  |d 1665683